[Event "Belgrade Spring IM-I 2021"]
[Site "Belgrade"]
[Date "2021.04.21"]
[Round "8.8"]
[White "Govedarica, Radovan"]
[Black "Ivanovic, Marko"]
[Result "1-0"]
[WhiteElo "2300"]
[BlackElo "2282"]
[Annotator "ChessBase"]
[PlyCount "77"]
[EventDate "2021.04.16"]
[EventType "tourn"]
[EventCountry "SRB"]
[SourceTitle "playchess.com"]
[Source "ChessBase"]
[SourceQuality "1"]
[TimeControl "40/5400+30:1800+30"]

1. e4 {[%emt 0:00:01]} e5 {[%emt 0:08:23]} 2. Nf3 {[%emt 0:00:01]} Nc6 {[%emt 0:00:06]} 3. Bb5 {[%emt 0:00:00]} g6 {[%emt 0:00:07]} 4. O-O {[%emt 0:01:16]} Bg7 {[%emt 0:00:15]} 5. c3 {[%emt 0:00:07]} d6 {[%emt 0:00:03]} 6. h3 {[%emt 0:00:08]} Nge7 {[%emt 0:00:04]} 7. d4 {[%emt 0:00:04]} Bd7 {[%emt 0:00:22]} 8. dxe5 {[%emt 0:02:56]} dxe5 {[%emt 0:00:14]} 9. Bc4 {[%emt 0:00:06]} O-O {[%emt 0:00:31]} 10. Be3 {[%emt 0:00:52]} h6 {[%emt 0:00:11]} 11. Qd2 {[%emt 0:00:24]} Kh7 {[%emt 0:00:48]} 12. Rd1 {[%emt 0:00:07]} Qc8 {[%emt 0:04:20]} 13. Na3 {[%emt 0:02:40]} Be8 {[%emt 0:13:18]} 14. Qe2 {[%emt 0:05:26]} a6 {[%emt 0:05:41]} 15. Nc2 {[%emt 0:02:59]} b6 {[%emt 0:03:52]} 16. Bc1 {[%emt 0:07:38]} f5 {[%emt 0:08:23]} 17. b3 {[%emt 0:04:25]} f4 {[%emt 0:01:30]} 18. Ba3 {[%emt 0:00:08]} Rf6 {[%emt 0:01:58]} 19. Bxe7 {[%emt 0:00:38]} Nxe7 {[%emt 0:00:04]} 20. a4 {[%emt 0:04:57]} Rf8 {[%emt 0:10:33]} 21. Nb4 {[%emt 0:00:34]} a5 {[%emt 0:00:22]} 22. Nd3 {[%emt 0:01:12]} c6 {[%emt 0:01:31]} 23. Nde1 {[%emt 0:09:56]} Qc7 {[%emt 0:01:03]} 24. Qd2 {[%emt 0:00:16]} Rf6 {[%emt 0:01:00]} 25. Qb2 {[%emt 0:03:06]} g5 {[%emt 0:02:14]} 26. Be2 {[%emt 0:01:58]} Rf7 {[%emt 0:12:09]} 27. Rd2 {[%emt 0:02:31]} Bf6 {[%emt 0:01:43]} 28. Rad1 {[%emt 0:00:41]} Nc8 {[%emt 0:00:26]} 29. Nh2 {[%emt 0:01:19]} Rd7 {[%emt 0:15:22]} 30. Ng4 {[%emt 0:11:00]} Bg7 {[%emt 0:00:53]} 31. Rxd7 {[%emt 0:00:54]} Bxd7 {[%emt 0:00:04]} 32. Nf3 {[%emt 0:00:10]} Be6 {[%emt 0:05:51]} 33. Bc4 {[%emt 0:01:41]} Bxc4 {[%emt 0:01:38]} 34. bxc4 {[%emt 0:00:01]} Nd6 {[%emt 0:01:27]} 35. h4 {[%emt 0:01:13]} gxh4 {[%emt 0:00:28]} 36. Nxh4 {[%emt 0:00:01]} h5 {[%emt 0:00:30]} 37. Nh2 {[%emt 0:00:03]} Bf6 {[%emt 0:00:27]} 38. Qe2 {[%emt 0:00:06]} Kh6 {[%emt 0:00:04]} 39. Rxd6 {[%emt 0:00:17]} 1-0

[Event "Belgrade Spring IM-I 2021"]
[Site "Belgrade"]
[Date "2021.04.21"]
[Round "8.9"]
[White "Milanovic, Slavisa"]
[Black "Jovanovic, Sasa T"]
[Result "1/2-1/2"]
[WhiteElo "2301"]
[BlackElo "2155"]
[Annotator "NA"]
[PlyCount "22"]
[EventDate "2021.04.16"]
[EventType "tourn"]
[EventCountry "SRB"]
[SourceTitle "playchess.com"]
[Source "ChessBase"]
[SourceQuality "1"]
[TimeControl "40/5400+30:1800+30"]

1. c4 {[%emt 0:00:00]} c5 {[%emt 0:00:33]} 2. Nc3 {[%emt 0:00:08]} Nf6 {[%emt 0:00:07]} 3. g3 {[%emt 0:00:23]} g6 {[%emt 0:00:15]} 4. Bg2 {[%emt 0:00:19]} Bg7 {[%emt 0:00:05]} 5. Nf3 {[%emt 0:00:19]} O-O {[%emt 0:00:06]} 6. O-O {[%emt 0:00:15]} Nc6 {[%emt 0:00:10]} 7. e3 {[%emt 0:00:33]} e6 {[%emt 0:00:11]} 8. d4 {[%emt 0:00:06]} cxd4 {[%emt 0:00:16]} 9. Nxd4 {[%emt 0:00:06]} Nxd4 {[%emt 0:00:09]} 10. exd4 {[%emt 0:00:04]} d5 {[%emt 0:00:05]} 11. cxd5 {[%emt 0:00:04]} exd5 {[%emt 0:00:05]} 1/2-1/2

[Event "Belgrade Spring IM-I 2021"]
[Site "Belgrade"]
[Date "2021.04.21"]
[Round "8.10"]
[White "Krasteva, Beloslava"]
[Black "Savitha Shri B"]
[Result "1/2-1/2"]
[WhiteElo "2287"]
[BlackElo "2261"]
[Annotator "ChessBase"]
[PlyCount "63"]
[EventDate "2021.04.16"]
[EventType "tourn"]
[EventCountry "SRB"]
[SourceTitle "playchess.com"]
[Source "ChessBase"]
[SourceQuality "1"]
[TimeControl "40/5400+30:1800+30"]

1. d4 {[%emt 0:00:00]} Nf6 {[%emt 0:00:00]} 2. c4 {[%emt 0:00:00]} g6 {[%emt 0:00:00]} 3. Nc3 {[%emt 0:00:00]} d5 {[%emt 0:00:00]} 4. e3 {[%emt 0:02:19]} Bg7 {[%emt 0:00:00]} 5. Qb3 {[%emt 0:00:24]} c6 {[%emt 0:03:16]} 6. Nf3 {[%emt 0:03:37]} O-O {[%emt 0:00:24]} 7. cxd5 {[%emt 0:00:53]} cxd5 {[%emt 0:00:21]} 8. Bd3 {[%emt 0:00:50]} Nc6 {[%emt 0:00:49]} 9. O-O {[%emt 0:01:24]} Rb8 {[%emt 0:06:00]} 10. h3 {[%emt 0:09:16]} h6 {[%emt 0:02:38]} 11. Bd2 {[%emt 0:02:08]} Be6 {[%emt 0:00:23]} 12. Rfc1 {[%emt 0:08:03]} Ne4 {[%emt 0:06:44]} 13. Na4 {[%emt 0:07:23]} f5 {[%emt 0:22:05]} 14. Nc5 {[%emt 0:13:13]} Bf7 {[%emt 0:06:48]} 15. Qd1 {[%emt 0:04:16]} e5 {[%emt 0:10:32]} 16. dxe5 {[%emt 0:08:59]} Nxe5 {[%emt 0:04:49]} 17. Nxe5 {[%emt 0:01:05]} Bxe5 {[%emt 0:00:32]} 18. Rab1 {[%emt 0:01:49]} Nxd2 {[%emt 0:01:27]} 19. Qxd2 {[%emt 0:00:07]} Qe7 {[%emt 0:02:39]} 20. Nb3 {[%emt 0:01:47]} Rbc8 {[%emt 0:05:09]} 21. Nd4 {[%emt 0:06:09]} a6 {[%emt 0:02:10]} 22. Rc2 {[%emt 0:04:51]} Rxc2 {[%emt 0:02:56]} 23. Qxc2 {[%emt 0:00:02]} Qb4 {[%emt 0:04:46]} 24. a3 {[%emt 0:01:16]} Qb6 {[%emt 0:00:12]} 25. Rd1 {[%emt 0:05:10]} Rd8 {[%emt 0:02:27]} 26. h4 {[%emt 0:05:03]} h5 {[%emt 0:01:16]} 27. g3 {[%emt 0:01:18]} Rd7 {[%emt 0:01:02]} 28. Qc8+ {[%emt 0:01:23]} Rd8 {[%emt 0:00:01]} 29. Qc2 {[%emt 0:00:32]} Rd7 {[%emt 0:00:01]} 30. Qc8+ {[%emt 0:03:26]} Rd8 {[%emt 0:00:03]} 31. Qc2 {[%emt 0:00:07]} Rd7 {[%emt 0:00:10]} 32. Qc8+ {[%emt 0:07:22]} 1/2-1/2

[Event "Belgrade Spring IM-I 2021"]
[Site "Belgrade"]
[Date "2021.04.22"]
[Round "9.6"]
[White "Savitha Shri B"]
[Black "Djokic, Nenad"]
[Result "1/2-1/2"]
[WhiteElo "2261"]
[BlackElo "2329"]
[Annotator "ChessBase"]
[PlyCount "153"]
[EventDate "2021.04.16"]
[EventType "tourn"]
[EventCountry "SRB"]
[SourceTitle "playchess.com"]
[Source "ChessBase"]
[SourceQuality "1"]
[TimeControl "40/5400+30:1800+30"]

1. e4 {[%emt 0:00:00]} e5 {[%emt 0:02:59]} 2. Nf3 {[%emt 0:00:00]} Nc6 {[%emt 0:00:19]} 3. Bb5 {[%emt 0:00:00]} a6 {[%emt 0:00:07]} 4. Ba4 {[%emt 0:00:00]} Nf6 {[%emt 0:00:08]} 5. O-O {[%emt 0:00:00]} Be7 {[%emt 0:00:09]} 6. Re1 {[%emt 0:00:00]} b5 {[%emt 0:00:09]} 7. Bb3 {[%emt 0:00:00]} d6 {[%emt 0:00:06]} 8. c3 {[%emt 0:00:01]} O-O {[%emt 0:00:09]} 9. h3 {[%emt 0:00:02]} Nb8 {[%emt 0:01:18]} 10. d4 {[%emt 0:00:06]} Nbd7 {[%emt 0:00:06]} 11. Nbd2 {[%emt 0:00:08]} Bb7 {[%emt 0:00:14]} 12. Bc2 {[%emt 0:00:07]} c5 {[%emt 0:01:23]} 13. Nf1 {[%emt 1:36:06]} cxd4 14. cxd4 exd4 15. Nxd4 {[%emt 0:00:00]} Re8 {[%emt 0:02:15]} 16. Nf3 {[%emt 0:00:00]} Rf8 {[%emt 0:01:04]} 17. Nd4 {[%emt 0:00:00]} Re8 {[%emt 0:00:20]} 18. Nf5 {[%emt 0:00:00]} Rc8 {[%emt 1:28:14]} 19. Bg5 {[%emt 0:00:00]} Bf8 {[%emt 0:00:00]} 20. N1g3 {[%emt 0:00:00]} h6 {[%emt 0:00:00]} 21. Bf4 {[%emt 0:00:00]} Ne5 {[%emt 0:00:00]} 22. Bb3 {[%emt 0:00:00]} Nc4 {[%emt 0:00:00]} 23. Bxc4 {[%emt 0:00:00]} Rxc4 {[%emt 0:00:00]} 24. b3 {[%emt 0:00:00]} Rc8 {[%emt 0:00:00]} 25. Bxd6 {[%emt 0:00:00]} Nxe4 {[%emt 0:00:00]} 26. Bxf8 {[%emt 0:00:00]} Kxf8 {[%emt 0:00:00]} 27. Nxe4 {[%emt 0:00:00]} Rxe4 {[%emt 0:00:00]} 28. Rxe4 {[%emt 0:00:00]} Qxd1+ {[%emt 0:00:00]} 29. Rxd1 {[%emt 0:00:00]} Bxe4 {[%emt 0:00:00]} 30. Ne3 {[%emt 0:00:00]} g6 {[%emt 0:00:00]} 31. f3 {[%emt 0:00:00]} Bc6 {[%emt 0:00:00]} 32. Kf2 {[%emt 0:00:00]} Ke7 {[%emt 0:00:00]} 33. Ng4 {[%emt 0:00:00]} h5 {[%emt 0:00:48]} 34. Ne5 {[%emt 0:00:00]} Be8 {[%emt 0:00:06]} 35. Rd2 {[%emt 0:00:00]} h4 {[%emt 0:01:47]} 36. f4 {[%emt 0:00:00]} a5 {[%emt 0:03:18]} 37. Re2 {[%emt 0:00:00]} Kd6 {[%emt 0:00:38]} 38. Kf3 {[%emt 0:00:00]} f6 {[%emt 0:00:54]} 39. Ng4 {[%emt 0:00:39]} Bc6+ {[%emt 0:00:23]} 40. Kf2 {[%emt 0:00:03]} Rf8 {[%emt 0:00:27]} 41. g3 {[%emt 0:30:51]} hxg3+ {[%emt 0:31:03]} 42. Kxg3 {[%emt 0:00:00]} a4 {[%emt 0:00:00]} 43. Rd2+ {[%emt 0:00:00]} Kc5 {[%emt 0:00:00]} 44. Rc2+ {[%emt 0:00:00]} Kb6 {[%emt 0:00:00]} 45. bxa4 {[%emt 0:00:00]} bxa4 {[%emt 0:00:00]} 46. Ne3 {[%emt 0:00:00]} Rd8 {[%emt 0:00:00]} 47. Nc4+ {[%emt 0:00:00]} Ka6 {[%emt 0:00:00]} 48. Ne5 {[%emt 0:00:00]} Be8 {[%emt 0:00:00]} 49. Ng4 {[%emt 0:00:00]} Rd6 {[%emt 0:00:00]} 50. Ne3 {[%emt 0:00:00]} Rd3 {[%emt 0:00:00]} 51. Kf3 {[%emt 0:00:00]} Kb5 {[%emt 0:00:00]} 52. Ke4 {[%emt 0:00:00]} Rd6 {[%emt 0:00:00]} 53. Rb2+ {[%emt 0:00:00]} Kc5 {[%emt 0:00:00]} 54. Rc2+ {[%emt 0:00:00]} Kb4 {[%emt 0:00:00]} 55. Rb2+ {[%emt 0:00:00]} Kc3 {[%emt 0:00:00]} 56. Rc2+ {[%emt 0:00:00]} Kb4 {[%emt 0:00:00]} 57. Rb2+ {[%emt 0:00:00]} Kc5 {[%emt 0:00:00]} 58. Rc2+ {[%emt 0:00:00]} Kb5 {[%emt 0:00:00]} 59. Rb2+ {[%emt 0:00:00]} Ka6 {[%emt 0:00:00]} 60. Nc4 {[%emt 0:00:00]} Bc6+ {[%emt 0:00:00]} 61. Ke3 {[%emt 0:00:00]} Re6+ {[%emt 0:00:00]} 62. Kd4 {[%emt 0:00:00]} Bb5 {[%emt 0:00:00]} 63. Ne3 {[%emt 0:00:00]} Rd6+ {[%emt 0:00:35]} 64. Kc5 {[%emt 0:00:06]} Rc6+ {[%emt 0:00:10]} 65. Kd4 {[%emt 0:00:26]} Re6 {[%emt 0:04:06]} 66. Nd5 {[%emt 0:00:16]} Rd6 {[%emt 0:01:04]} 67. Rc2 {[%emt 0:05:07]} Bd7 {[%emt 0:04:05]} 68. h4 {[%emt 0:01:54]} Bf5 {[%emt 0:02:13]} 69. Rc4 {[%emt 0:02:17]} Ka5 {[%emt 0:00:42]} 70. Rc5+ {[%emt 0:00:02]} Ka6 {[%emt 0:00:03]} 71. Rc4 {[%emt 0:00:06]} Bd7 {[%emt 0:00:26]} 72. Rc5 {[%emt 0:00:30]} a3 {[%emt 0:02:19]} 73. Kc3 {[%emt 0:02:55]} Be6 {[%emt 0:00:55]} 74. Kd4 {[%emt 0:03:06]} Bf5 {[%emt 0:00:45]} 75. Rc3 {[%emt 0:00:09]} Be6 {[%emt 0:00:17]} 76. Rc5 {[%emt 0:00:01]} Bf5 {[%emt 0:00:02]} 77. Rc3 {[%emt 0:00:06]} 1/2-1/2

[Event "Belgrade Spring IM-I 2021"]
[Site "Belgrade"]
[Date "2021.04.22"]
[Round "9.7"]
[White "Jovanovic, Sasa T"]
[Black "Krasteva, Beloslava"]
[Result "1/2-1/2"]
[WhiteElo "2155"]
[BlackElo "2287"]
[Annotator "ChessBase"]
[PlyCount "58"]
[EventDate "2021.04.16"]
[EventType "tourn"]
[EventCountry "SRB"]
[SourceTitle "playchess.com"]
[Source "ChessBase"]
[SourceQuality "1"]
[TimeControl "40/5400+30:1800+30"]

1. e4 {[%emt 0:00:00]} c5 {[%emt 0:00:00]} 2. Nf3 {[%emt 0:00:00]} d6 {[%emt 0:00:05]} 3. Bc4 {[%emt 0:00:00]} Nf6 {[%emt 0:01:45]} 4. d3 {[%emt 0:00:22]} Nc6 {[%emt 0:01:05]} 5. h3 {[%emt 0:01:57]} e6 {[%emt 0:05:04]} 6. Bb3 {[%emt 0:01:43]} Be7 {[%emt 0:01:11]} 7. O-O {[%emt 0:00:10]} O-O {[%emt 0:00:46]} 8. c3 {[%emt 0:00:06]} b6 {[%emt 0:01:51]} 9. Re1 {[%emt 0:00:08]} Bb7 {[%emt 0:03:04]} 10. d4 {[%emt 0:00:59]} Rc8 {[%emt 0:14:39]} 11. d5 {[%emt 0:03:56]} exd5 {[%emt 0:01:15]} 12. exd5 {[%emt 0:03:25]} Na5 {[%emt 0:00:57]} 13. c4 {[%emt 0:07:48]} b5 {[%emt 0:00:38]} 14. cxb5 {[%emt 0:00:27]} Nxb3 {[%emt 0:02:08]} 15. axb3 {[%emt 0:00:39]} Nxd5 {[%emt 0:01:09]} 16. Nc3 {[%emt 0:00:39]} Nxc3 {[%emt 0:00:50]} 17. bxc3 {[%emt 0:00:04]} Bf6 {[%emt 0:00:50]} 18. Qd3 {[%emt 0:03:03]} Re8 {[%emt 0:09:00]} 19. Rxe8+ {[%emt 0:01:34]} Qxe8 {[%emt 0:00:09]} 20. Bg5 {[%emt 0:00:10]} Bxf3 {[%emt 0:08:05]} 21. Bxf6 {[%emt 0:00:11]} Be4 {[%emt 0:01:06]} 22. Qg3 {[%emt 0:00:06]} Bg6 {[%emt 0:00:47]} 23. Bg5 {[%emt 0:00:21]} Qxb5 {[%emt 0:07:01]} 24. Rxa7 {[%emt 0:05:48]} h6 {[%emt 0:01:39]} 25. Be7 {[%emt 0:06:39]} Qxb3 {[%emt 0:02:41]} 26. Bxd6 {[%emt 0:00:30]} Qb6 {[%emt 0:02:10]} 27. Rc7 {[%emt 0:01:02]} Rxc7 {[%emt 0:06:47]} 28. Bxc7 {[%emt 0:00:13]} Qb1+ {[%emt 0:00:07]} 29. Kh2 {[%emt 0:00:15]} Qd3 {[%emt 0:00:25]} 1/2-1/2

[Event "Belgrade Spring IM-I 2021"]
[Site "Belgrade"]
[Date "2021.04.22"]
[Round "9.8"]
[White "Ivanovic, Marko"]
[Black "Milanovic, Slavisa"]
[Result "1/2-1/2"]
[WhiteElo "2282"]
[BlackElo "2301"]
[Annotator "ChessBase"]
[PlyCount "28"]
[EventDate "2021.04.16"]
[EventType "tourn"]
[EventCountry "SRB"]
[SourceTitle "playchess.com"]
[Source "ChessBase"]
[SourceQuality "1"]
[TimeControl "40/5400+30:1800+30"]

1. e4 {[%emt 0:17:05]} e6 {[%emt 0:00:00]} 2. d4 {[%emt 0:00:03]} d5 {[%emt 0:00:00]} 3. Nc3 {[%emt 0:00:04]} Bb4 {[%emt 0:00:00]} 4. e5 {[%emt 0:00:03]} c5 {[%emt 0:00:04]} 5. a3 {[%emt 0:00:04]} Bxc3+ {[%emt 0:00:48]} 6. bxc3 {[%emt 0:00:03]} Ne7 {[%emt 0:02:11]} 7. Qg4 {[%emt 0:00:05]} Qc7 {[%emt 0:00:14]} 8. Bd3 {[%emt 0:00:06]} c4 {[%emt 0:01:24]} 9. Be2 {[%emt 0:02:27]} O-O {[%emt 0:00:12]} 10. h4 {[%emt 0:02:45]} f6 {[%emt 0:02:28]} 11. f4 {[%emt 0:02:45]} Qa5 {[%emt 0:03:14]} 12. Bd2 {[%emt 0:00:22]} Qa4 {[%emt 0:02:40]} 13. Bd1 {[%emt 0:00:28]} Qb5 {[%emt 0:00:53]} 14. Bc1 {[%emt 0:10:51]} Qa5 {[%emt 0:00:10]} 1/2-1/2

[Event "Belgrade Spring IM-I 2021"]
[Site "Belgrade"]
[Date "2021.04.22"]
[Round "9.9"]
[White "Blagojevic, Tijana"]
[Black "Govedarica, Radovan"]
[Result "1-0"]
[WhiteElo "2193"]
[BlackElo "2300"]
[Annotator "ChessBase"]
[PlyCount "58"]
[EventDate "2021.04.16"]
[EventType "tourn"]
[EventCountry "SRB"]
[SourceTitle "playchess.com"]
[Source "ChessBase"]
[SourceQuality "1"]
[TimeControl "40/5400+30:1800+30"]

1. e4 {[%emt 0:00:00]} c5 {[%emt 0:00:00]} 2. Nf3 {[%emt 0:00:00]} Nc6 {[%emt 0:00:00]} 3. Bb5 {[%emt 0:00:00]} Qc7 {[%emt 0:00:13]} 4. Nc3 {[%emt 0:00:59]} e6 {[%emt 0:00:04]} 5. Bxc6 {[%emt 0:00:34]} Qxc6 {[%emt 0:00:02]} 6. d4 {[%emt 0:00:06]} cxd4 {[%emt 0:01:10]} 7. Nxd4 {[%emt 0:00:05]} Qc7 {[%emt 0:00:08]} 8. O-O {[%emt 0:00:37]} a6 {[%emt 0:00:48]} 9. Re1 {[%emt 0:00:52]} d6 {[%emt 0:08:24]} 10. Bf4 {[%emt 0:03:13]} Nf6 {[%emt 0:07:36]} 11. Nf5 {[%emt 0:15:42]} e5 {[%emt 0:14:22]} 12. Bg5 {[%emt 0:01:21]} Bxf5 {[%emt 0:03:32]} 13. exf5 {[%emt 0:00:30]} Be7 {[%emt 0:00:06]} 14. Bxf6 {[%emt 0:00:36]} Bxf6 {[%emt 0:00:01]} 15. Nd5 {[%emt 0:00:13]} Qd8 {[%emt 0:00:13]} 16. Qd3 {[%emt 0:04:32]} O-O {[%emt 0:00:08]} 17. c3 {[%emt 0:00:27]} Rc8 {[%emt 0:02:26]} 18. Rad1 {[%emt 0:00:45]} Re8 {[%emt 0:01:02]} 19. Qe4 {[%emt 0:02:24]} b5 {[%emt 0:00:21]} 20. b3 {[%emt 0:00:32]} Bg5 {[%emt 0:04:26]} 21. Rd3 {[%emt 0:01:55]} Rc5 {[%emt 0:06:52]} 22. Red1 {[%emt 0:03:11]} g6 {[%emt 0:00:43]} 23. Rf3 {[%emt 0:06:00]} Qa8 {[%emt 0:03:33]} 24. h4 {[%emt 0:06:34]} Bxh4 {[%emt 0:03:13]} 25. f6 {[%emt 0:10:47]} Bg5 {[%emt 0:00:27]} 26. Qg4 {[%emt 0:06:03]} h6 {[%emt 0:03:09]} 27. Ne7+ {[%emt 0:02:43]} Rxe7 {[%emt 0:04:12]} 28. fxe7 {[%emt 0:00:03]} Bxe7 {[%emt 0:00:02]} 29. Qd7 {[%emt 0:00:34]} Qf8 {[%emt 0:37:17]} 1-0

[Event "Belgrade Spring IM-I 2021"]
[Site "Belgrade"]
[Date "2021.04.22"]
[Round "9.10"]
[White "Zegarac, Vuk"]
[Black "Hart, Alexander"]
[Result "1-0"]
[WhiteElo "2376"]
[BlackElo "2016"]
[Annotator "TA"]
[PlyCount "45"]
[EventDate "2021.04.16"]
[EventType "tourn"]
[EventCountry "SRB"]
[SourceTitle "playchess.com"]
[Source "ChessBase"]
[SourceQuality "1"]

{[%evp 9,45,18,18,16,6,0,0,-34,-45,-76,-47,-58,-56,-89,-53,-61,-51,-80,-22,-52,-3,-22,0,-19,0,0,132,98,92,24,88,25,145,120,589,566,2018,1914]} 1. d4 d5 2. c4 dxc4 3. e4 Nc6 4. Nf3 Bg4 5. Bxc4 e6 6. Be3 {D20: Queen's Gambit Accepted: 3 e3 and 3 e4.} Bxf3 7. gxf3 Qf6 8. Bb5 {Strongly threatening Bxc6+.The position is equal.} Bb4+ 9. Nc3 Nge7 $1 10. e5 Qh4 11. Qa4 {[#]} a6 $146 ({Predecessor:} 11... O-O 12. O-O-O Bxc3 13. bxc3 a6 14. Bxc6 Nxc6 15. Rhg1 Qh5 16. Qa3 g6 17. Rg3 Qf5 {1-0 (44) Khotenashvili,B (2505)-Batchimeg,T (2298) Geneve 2013}) 12. Qxb4 (12. Bxc6+ Nxc6) 12... axb5 13. Qxb5 O-O (13... Ra5 $1 $17 {[%cal Ra5b5]} 14. Qxb7 Kd7) 14. O-O-O $11 Ra5 {[%mdl 1024] Black has compensation.} 15. Qb3 Rfa8 16. Rhg1 h6 17. Rg4 Qh5 (17... Qh3 $11 {remains equal.}) 18. Rdg1 (18. Qxb7 $6 Rb8 $11) 18... g6 {[#]} 19. Ne4 ({Of course not} 19. Qxb7 $6 Qf5 $11) (19. h4 $1 $16) 19... Kg7 {[#]} (19... Qh3 $11) 20. a3 (20. Qxb7 $2 Rb8 $19) (20. h4 $1 $16 {And now Ng3 would win.} Rxa2 21. Kd2 (21. Qxb7 $2 Qf5 $19)) 20... b5 (20... Rd8 $11) 21. h4 {Ng3 is the strong threat.} Qf5 $2 {[%mdl 8192]} (21... b4 $16 {is more resistant.}) 22. Ng3 $18 Qxf3 {[#]} 23. Bxh6+ $1 {[%mdl 576] Discovered Attack.  Weighted Error Value: White=0.19/Black=0.63} 1-0